Nové typy lepenkových palet a paletových boxů
Progresívne typy lepenkových paliet a box-paliet. Charakteristika, využitie a výhody paliet: MC-box, Easy-box, Pallrun, Hex hydro, Karton pallet, Duro-pal, Stac-pac a ďalších paliet.
Uložené v:
| Hlavný autor: | |
|---|---|
| Médium: | Kapitola |
| Jazyk: | Czech |
| Predmet: | |
| Tagy: |
Žiadne tagy, Buďte prvý, kto otaguje tento záznam!
|
MARC
| LEADER | 00000naa a2200000 4500 | ||
|---|---|---|---|
| 001 | 0143463 | ||
| 005 | 20231129095924.1 | ||
| 041 | 0 | |a cze | |
| 044 | |a CZ | ||
| 245 | 1 | 0 | |a Nové typy lepenkových palet a paletových boxů |c Miloslav Vítek |
| 520 | |a Progresívne typy lepenkových paliet a box-paliet. Charakteristika, využitie a výhody paliet: MC-box, Easy-box, Pallrun, Hex hydro, Karton pallet, Duro-pal, Stac-pac a ďalších paliet. | ||
| 610 | 2 | 0 | |a palety |
| 610 | 2 | 0 | |a manipulácia s materiálom |
| 610 | 2 | 0 | |a manipulácia s tovarom |
| 610 | 2 | 0 | |a balenie |
| 610 | 2 | 0 | |a distribúcia |
| 610 | 2 | 0 | |a skladovanie |
| 610 | 2 | 0 | |a preprava |
| 100 | 1 | |a Vítek, Miloslav | |